Public management and organizational autonomy: the continuing relevance of significant earlier knowledge (Record no. 64141)

000 -LEADER
fixed length control field 01192pab a2200169 454500
008 - FIXED-LENGTH DATA ELEMENTS--GENERAL INFORMATION
fixed length control field 180718b2004 xxu||||| |||| 00| 0 eng d
100 ## - MAIN ENTRY--PERSONAL NAME
Personal name Thynne, Ian
245 ## - TITLE STATEMENT
Title Public management and organizational autonomy: the continuing relevance of significant earlier knowledge
260 ## - PUBLICATION, DISTRIBUTION, ETC.
Date of publication, distribution, etc. 2004
300 ## - PHYSICAL DESCRIPTION
Extent p.609-21.
362 ## - DATES OF PUBLICATION AND/OR SEQUENTIAL DESIGNATION
Dates of publication and/or sequential designation Dec
520 ## - SUMMARY, ETC.
Summary, etc. A key theme of recent reforms in public management in various countries is the perceived need for many organizations in government to have a degree of legal and operational autonomy. In studying this and other aspects of the reforms, there is considerable merit in examining how the underlying ideas have been explored in earlier works. In this article, we argue that this is particularly relevant to the current interest in organizational autonomy. Pertinent ideas, issues and concerns were addressed several decades ago by scholars such as Macmahon, Seidman, Seiznick and Follett. The contributions of these scholars have continuing analytical value and deserve to be revisited. - Reproduced.
650 ## - SUBJECT ADDED ENTRY--TOPICAL TERM
Topical term or geographic name entry element Public administration
700 ## - ADDED ENTRY--PERSONAL NAME
Personal name Wettenhall, Roger
773 ## - HOST ITEM ENTRY
Main entry heading International Review of Administrative Sciences
909 ## -
-- 64141
Holdings
Withdrawn status Lost status Damaged status Not for loan Permanent Location Current Location Date acquired Serial Enumeration / chronology Barcode Date last seen Price effective from Koha item type
        Indian Institute of Public Administration Indian Institute of Public Administration 2018-07-19 Volume no: 70, Issue no: 4 AR64593 2018-07-19 2018-07-19 Articles

Powered by Koha